101 best resumes / (Record no. 755)

MARC details
000 -LEADER
fixed length control field 01010cam a2200301 a 4500
005 - DATE AND TIME OF LATEST TRANSACTION
control field 20260322212033.0
008 - FIXED-LENGTH DATA ELEMENTS--GENERAL INFORMATION
fixed length control field data
010 ## - LIBRARY OF CONGRESS CONTROL NUMBER
LC control number 96049936
020 ## - INTERNATIONAL STANDARD BOOK NUMBER
International Standard Book Number 0070328935 (pbk.)
020 ## - INTERNATIONAL STANDARD BOOK NUMBER
International Standard Book Number 9780070328938 (pbk.)
040 ## - CATALOGING SOURCE
Original cataloging agency DLC
Transcribing agency DLC
Modifying agency DLC
050 00 - LIBRARY OF CONGRESS CALL NUMBER
Classification number HF5383
Item number .B534 1997
082 00 - DEWEY DECIMAL CLASSIFICATION NUMBER
Classification number 808/.06665
Edition information 21
092 ## - LOCALLY ASSIGNED DEWEY CALL NUMBER (OCLC)
Classification number 808.06 B534 1997
001 - CONTROL NUMBER
control field data
100 1# - MAIN ENTRY--PERSONAL NAME
Personal name Block, Jay A.
245 10 - TITLE STATEMENT
Title 101 best resumes /
Statement of responsibility, etc. Jay A. Block & Michael Betrus.
246 3# - VARYING FORM OF TITLE
Title proper/short title One hundred one best resumes
246 3# - VARYING FORM OF TITLE
Title proper/short title One hundred and one best resumes
260 ## - PUBLICATION, DISTRIBUTION, ETC.
Place of publication, distribution, etc. New York :
Name of publisher, distributor, etc. McGraw-Hill,
Date of publication, distribution, etc. c1997.
300 ## - PHYSICAL DESCRIPTION
Extent x, 197 p. ;
Dimensions 28 cm.
500 ## - GENERAL NOTE
General note Includes index.
650 #0 - SUBJECT ADDED ENTRY--TOPICAL TERM
Topical term or geographic name entry element Résumés (Employment)
700 1# - ADDED ENTRY--PERSONAL NAME
Personal name Betrus, Michael.
856 42 - ELECTRONIC LOCATION AND ACCESS
Materials specified Contributor biographical information
Uniform Resource Identifier <a href="http://www.loc.gov/catdir/bios/mh041/96049936.html">http://www.loc.gov/catdir/bios/mh041/96049936.html</a>
856 42 - ELECTRONIC LOCATION AND ACCESS
Materials specified Publisher description
Uniform Resource Identifier <a href="http://www.loc.gov/catdir/description/mh022/96049936.html">http://www.loc.gov/catdir/description/mh022/96049936.html</a>
856 41 - ELECTRONIC LOCATION AND ACCESS
Materials specified Table of contents
Uniform Resource Identifier <a href="http://www.loc.gov/catdir/toc/mh022/96049936.html">http://www.loc.gov/catdir/toc/mh022/96049936.html</a>
Holdings
Withdrawn status Lost status Damaged status Not for loan Home library Current library Shelving location Date acquired Total checkouts Full call number Barcode Date last seen Price effective from Koha item type
        Springfield Springfield General stacks 22/03/2026   808/.06665 21 BC0010774 22/03/2026 22/03/2026 Books